000
00330nam a2200145Ia 4500
008
240624s9999 xx 000 0 und d
041
_a
eng
082
_a
339.4 WAR
100
_a
WARDE ALAN
245
_a
CONSUMPTION
260
_c
2010
_a
New Delhi
_b
Sage
300
_a
l. : 403 : p. : cm. ; 23
365
_c
BPS
_b
38
440
_v
3
999
_c
28116
_d
28116